|
|
|
|
| LEADER |
00000cam a2200000 i 4500 |
| 001 |
91714 |
| 003 |
CZ-ZlUTB |
| 005 |
20240829163441.0 |
| 007 |
ta |
| 008 |
120423s2012 xxu 000 1 eng |
| 020 |
|
|
|a 9780399537608
|q (vázáno)
|
| 040 |
|
|
|a DLC
|b cze
|c DLC
|d DLC
|e rda
|d ZLD002
|
| 043 |
|
|
|a n-us---
|
| 072 |
|
7 |
|a 37
|x Výchova a vzdělávání
|2 Konspekt
|9 22
|
| 080 |
|
|
|a 37.018.1
|2 MRF
|
| 080 |
|
|
|a (73)
|2 MRF
|
| 080 |
|
|
|a (0:82-322.6)
|2 MRF
|
| 080 |
|
|
|a (0:82-36)
|2 MRF
|
| 100 |
1 |
|
|a Cummings, Quinn,
|d 1967-
|7 xx0157168
|4 aut
|
| 245 |
1 |
4 |
|a The year of learning dangerously :
|b adventures in homeschooling /
|c Quinn Cummings
|
| 250 |
|
|
|a First edition
|
| 264 |
|
1 |
|a New York :
|b A Perigee Book,
|c 2012
|
| 300 |
|
|
|a 229 stran ;
|c 22 cm
|
| 336 |
|
|
|a text
|b txt
|2 rdacontent
|
| 337 |
|
|
|a bez média
|b n
|2 rdamedia
|
| 338 |
|
|
|a svazek
|b nc
|2 rdacarrier
|
| 504 |
|
|
|a Obsahuje bibliografii a rejstřík
|
| 600 |
1 |
7 |
|a Cummings, Quinn,
|d 1967-
|7 xx0157168
|2 czenas
|
| 650 |
0 |
7 |
|a domácí vzdělávání
|7 ph119559
|z Spojené státy americké
|2 czenas
|
| 650 |
0 |
9 |
|a home schooling
|z United States
|2 eczenas
|
| 655 |
|
7 |
|a autobiografické příběhy
|7 fd131891
|2 czenas
|
| 655 |
|
7 |
|a anekdoty
|7 fd131798
|2 czenas
|
| 655 |
|
9 |
|a autobiographical stories
|2 eczenas
|
| 655 |
|
9 |
|a anecdotes
|2 eczenas
|
| 910 |
|
|
|a ZLD002
|
| 928 |
9 |
|
|a Perigee Book
|
| 952 |
|
|
|0 0
|1 0
|4 0
|6 37CUMMINGSQ
|7 0
|8 BOOK
|9 148893
|a UTBZL
|b UTBZL
|c 019
|d 2018-11-19
|l 2
|m 2
|o 37/CUMMINGS,Q.
|p 420010177172
|q 2029-07-01
|r 2023-11-23 00:00:00
|s 2023-11-23
|v 988.00
|w 2019-08-26
|x N:nákup;
|y 08
|
| 992 |
|
|
|a BK
|b SK
|d 1
|
| 999 |
|
|
|c 91714
|d 91714
|